[Event "ESP-ch Amateurs U2000"]
[Site "Murcia"]
[Date "2022.09.03"]
[Round "7.9"]
[White "Gutierrez Marco, Dario"]
[Black "Jimenez Arjona, Juan Bautista"]
[Result "1-0"]
[WhiteElo "1930"]
[BlackElo "1794"]
[PlyCount "41"]
[EventDate "2022.08.30"]
[EventType "swiss"]
[EventRounds "7"]
[EventCountry "ESP"]
[SourceTitle "EXT 2024"]
[Source "ChessBase"]
[SourceDate "2023.10.10"]
[SourceVersion "1"]
[SourceVersionDate "2023.10.10"]
[SourceQuality "1"]

1. e4 e5 2. Nf3 Nc6 3. Bc4 d6 4. h3 Be7 5. d3 Nf6 6. Bb3 0-0 7. c3 Na5 8. Bc2 c5 9. Nbd2 Qc7 10. Qe2 b5 11. Nf1 Bb7 12. Ng3 Bc8 13. Nh2 Re8 14. 0-0 h6 15. f4 Nc6 16. f5 Bf8 17. Nh5 Qd8 18. Nxf6+ Qxf6 19. Qh5 g6 20. Ng4 Qh8 21. fxg6 1-0